Normal view
MARC view
- حسين، قاسم حسين
Entry Personal Name
001 - CONTROL NUMBER
- control field: 18298
003 - CONTROL NUMBER IDENTIFIER
- control field: JO-AjAnu
005 - DATE AND TIME OF LATEST TRANSACTION
- control field: 20230606073221.0
008 - FIXED-LENGTH DATA ELEMENTS
- fixed length control field: 230606|| aca||aabn | a|a d
040 ## - CATALOGING SOURCE
- Original cataloging agency: JO-AjAnu
- Transcribing agency: JO-AjAnu
100 ## - HEADING--PERSONAL NAME
- Personal name: حسين، قاسم حسين
670 ## - SOURCE DATA FOUND
- Source citation: Work cat.: (JO-AjAnu)9394: حسين، قاسم حسين, author, موسوعة الميدان والمضمار: جري - موانع - حواجز - قفز - وثب - رمى - قذف - العاب مركبة